Mexico states - Statistics

General Stats
  • This quiz has been taken 328 times
    207 since last reset
  • The average score is 20 of 31
Answer Stats
Answer % Correct
Yucatan
93%
Baja California
87%
Mexico
87%
Aguascalientes
80%
Sinaloa
80%
Tabasco
80%
Baja California Sur
73%
Chiapas
73%
Chihuahua
73%
Durango
73%
Jalisco
73%
Nuevo Leon
67%
Oaxaca
67%
Puebla
67%
Quintana Roo
67%
Campeche
60%
Colima
60%
Michoacan
60%
San Luis Potosi
60%
Sonora
60%
Tamaulipas
60%
Veracruz
60%
Coahuila
53%
Guerrero
53%
Hidalgo
53%
Morelos
53%
Nayarit
53%
Queretaro
53%
Tlaxcala
53%
Zacatecas
53%
Guanajuato
47%
No matching quizzes found
Score Distribution
Percent of People with Each Score
Percentile by Number Answered
Your Score History
You have not taken this quiz since the last reset